| 000 | 00677nam a2200217 a 4500 | ||
|---|---|---|---|
| 001 | 000037202 | ||
| 005 | 20200930080214.0 | ||
| 008 | 120301s2004 sp 000 0 spa d | ||
| 020 | _a8474612497 | ||
| 040 |
_aDO-SdBNP _bspa _cBNPHU |
||
| 082 |
_axxxx _bxxxx |
||
| 100 | 1 |
_aIbsen, Henrik _963615 |
|
| 245 | 1 | 0 |
_aNora : / _cHenrik Ibsen ; prólogo Luis Angel García Melero. |
| 246 | 1 | 0 | _aUna casa de muñecas |
| 260 |
_aMadrid, : _bPromociones y ediciones, _c[19uu]? |
||
| 300 |
_a190 p. ; _c19 cm. |
||
| 700 | 1 | 2 |
_aIbsen, Henrik _tEl pato salvaje _963616 |
| 700 | 1 |
_aGarcía Melero, Luis Angel, _epról. _963617 |
|
| 740 | 0 | 2 | _aUna casa de muñecas |
| 740 | 0 | 2 | _aEl pato salvaje |
| 999 |
_c36692 _d36692 |
||